000
00335nam a2200145Ia 4500
008
230718s9999 xx 000 0 und d
041
_a
Eng.
082
_a
341-76
_b
MAH-J
100
_a
Mahal & Mushtaq Ahmed
245
0
_a
Judicial quide
260
_a
Pakistan
_b
Key low deports
_c
1985
300
_a
987
650
_a
Law
999
_c
26559
_d
26559